Prueba de los Gentilicios #5 - Estadísticas

Estadísticas generales
  • Esta prueba ha sido intentada 202 veces
  • La puntuación promedio es 11 de 15
Estadísticas de respuestas
País Gentilício % Correcto
Bélgica Belga
99%
Bulgaria Búlgaro
98%
Filipinas Filipino
97%
Afganistán Afgano
95%
Andorra Andorrano
91%
Macedonia Macedonio
91%
Samoa Samoano
82%
Reino Unido Británico
71%
Costa de Marfil Marfileño
68%
Eritrea Eritreo
65%
Maldivas Maldivo
64%
Kiribati Kiribatiano
54%
Mónaco Monegasco
46%
Antigua y Barbuda Antiguano
36%
Liechtenstein Liechtensteiniano
29%
No se encontraron pruebas coincidentes
Distribución de puntuación
Porcentaje de gente con cada puntuación
Porcentaje por número respondido
Historial de tus puntuaciones
No has intentado esta prueba.